| 000 | 00661nam a2200265Ia 4500 | ||
|---|---|---|---|
| 008 | 170203s9999 xx 000 0 und d | ||
| 020 | _a0-590471333 | ||
| 050 | _aFic | ||
| 050 | _bL948n | ||
| 100 | _aLuenn, Nancy. | ||
| 245 | _aNessa's fish / | ||
| 245 | _cby Nancy Luenn ; illustrated by Neil Waldman. | ||
| 260 | _aNew York : | ||
| 260 | _bScholastic Inc., | ||
| 260 | _c1990 | ||
| 300 | _a32 unnumbered pages : | ||
| 300 | _bcolor illustrations ; | ||
| 300 | _c24 cm | ||
| 650 | _aEskimos -- | ||
| 650 | _aFishing -- | ||
| 650 | _aIndians of North America -- | ||
| 650 | _xFiction. | ||
| 650 | _xFiction. | ||
| 650 | _xFiction. | ||
| 999 |
_c306555 _d306555 |
||